[Event "2025 Washington State Championship - Championship"]
[Site "Lakeside Upper School, 14050 1st Avenue NE, Seattle, WA, USA"]
[Date "2025.02.08"]
[Round "1"]
[Board "4"]
[White "Lee, Megan"]
[Black "Sang, Tian"]
[Result "1-0"]
[WhiteElo "2287"]
[BlackElo "2200"]
[PlyCount "0"]
[EventDate "2025.02.08"]
[EventRounds "9"]
[EventCountry "USA"]

1. e4 e5 2. Nf3 Nc6 3. Bc4 Bc5 4. c3 Qe7 5. d4 Bb6 6. d5 Nd8 7. O-O d6 8. a4 a6 9.
a5 Ba7 10. Re1 Nf6 11. h3 h6 12. Na3 O-O 13. Nc2 Nh7 14. Be3 Ng5 15. Nxg5 Bxe3 16.
Rxe3 Qxg5 17. Rg3 Qh4 18. Ne3 b6 19. axb6 cxb6 20. Bd3 b5 21. Bxb5 Qxe4 22. Bd3 Qh4
23. Ra4 Qe7 24. Bf5 Bd7 25. Qg4 Ne6 26. Rb4 Qf6 27. dxe6 fxe6 28. Be4 Ra7 29. Rf3
Qe7 30. Qg6 Rxf3 31. Bxf3 Bb5 32. Bg4 1-0

[Event "2025 Washington State Championship - Championship"]
[Site "Lakeside Upper School, 14050 1st Avenue NE, Seattle, WA, USA"]
[Date "2025.02.08"]
[Round "1"]
[Board "5"]
[White "Porter, Ryan W"]
[Black "Degenbaev, Aziz"]
[Result "1-0"]
[WhiteElo "2177"]
[BlackElo "2284"]
[PlyCount "0"]
[EventDate "2025.02.08"]
[EventRounds "9"]
[EventCountry "USA"]

1. c4 e5 2. Nc3 Nc6 3. Nf3 f5 4. g3 Nf6 5. d4 e4 6. Nh4 g6 7. Bg5 Bg7 8. Ng2 O-O
9. Nf4 d6 10. e3 Ne7 11. h4 h6 12. Bxf6 Bxf6 13. Ncd5 Nxd5 14. cxd5 Kh7 15. Qd2 c5
16. dxc6 bxc6 17. Rc1 Bd7 18. Be2 Rb8 19. Rc2 Qb6 20. Kf1 Rfc8 21. Kg2 Bg7 22. Rhc1
Be8 23. Bc4 Qb7 24. Be6 Rd8 25. h5 c5 26. hxg6+ Bxg6 27. Nxg6 Kxg6 28. dxc5 dxc5
29. Qe2 Qe7 30. Bxf5+ Kxf5 31. Qh5+ Ke6 32. Rxc5 Bf6 33. Qf5+ Kf7 34. Rc7 Rxb2 35.
Rxe7+ Kxe7 36. Rc7+ 1-0

[Event "2025 Washington State Championship - Championship"]
[Site "Lakeside Upper School, 14050 1st Avenue NE, Seattle, WA, USA"]
[Date "2025.02.08"]
[Round "2"]
[Board "1"]
[White "He, Daniel"]
[Black "Degenbaev, Aziz"]
[Result "0-1"]
[WhiteElo "2193"]
[BlackElo "2284"]
[PlyCount "0"]
[EventDate "2025.02.08"]
[EventRounds "9"]
[EventCountry "USA"]

1. e4 c5 2. Nf3 Nc6 3. d4 cxd4 4. Nxd4 Nf6 5. Nc3 d6 6. Bg5 Bd7 7. Nxc6 Bxc6 8. Bxf6
gxf6 9. Bxb5 Bxb5 10. Nxb5 Qa5+ 11. Nc3 Rg8 12. O-O Qg5 13. g3 O-O-O 14. Qd3 Kb8
15. a4 h5 16. a5 e6 17. a6 b6 18. Nb5 h4 19. Nd4 Rc8 20. b4 hxg3 21. hxg3 d5 22.
b5 Bc5 23. exd5 e5 24. Nf5 Qf4 25. Kh2 Rh8+ 26. Kg2 Qg4 27. Ne3 Bxe3 28. Qxe3 Qh3+
29. Kf3 Qd7 30. Rfd1 Rc4 31. Kg2 Qh3+ 32. Kf3 e4+ 33. Ke2 Rxc2+ 34. Rd2 Qg4+ 35.
f3 Rh2+ 36. Kf1 Qh3+ 0-1

[Event "2025 Washington State Championship - Championship"]
[Site "Lakeside Upper School, 14050 1st Avenue NE, Seattle, WA, USA"]
[Date "2025.02.08"]
[Round "2"]
[Board "2"]
[White "Sang, Tian"]
[Black "Porter, Ryan W"]
[Result "0-1"]
[WhiteElo "2200"]
[BlackElo "2177"]
[PlyCount "0"]
[EventDate "2025.02.08"]
[EventRounds "9"]
[EventCountry "USA"]

1. e4 c6 2. d4 d5 3. Nc3 dxe4 4. Nxe4 Nf6 5. Nxf6+ exf6 6. Nf3 Bd6 7. Bd3 O-O 8.
O-O Bg4 9. h3 Bh5 10. g4 Bg6 11. Nh4 Re8 12. c3 Bxd3 13. Qxd3 Nd7 14. Be3 g6 15.
Ng2 Qa5 16. Bf4 Bxf4 17. Nxf4 Rad8 18. Qf3 f5 19. a4 fxg4 20. hxg4 Qg5 21. Nh3 Qe7
22. Kg2 Kg7 23. Qg3 Nf6 24. f3 Qe2+ 25. Rf2 Qe3 26. Qf4 h5 27. Qxe3 Rxe3 28. gxh5
Nxh5 29. Rc1 Kf6 30. Rcc2 Kf5 31. Rcd2 g5 32. Kf1 g4 33. fxg4+ Kxg4 34. Rxf7 Rxh3
35. Rxb7 Re8 36. Rf2 Rh1+ 37. Kg2 Ree1 38. Rff7 Nf4+ 0-1

[Event "2025 Washington State Championship - Championship"]
[Site "Lakeside Upper School, 14050 1st Avenue NE, Seattle, WA, USA"]
[Date "2025.02.08"]
[Round "2"]
[Board "3"]
[White "Vemparala, Nikash"]
[Black "Lee, Megan"]
[Result "1-0"]
[WhiteElo "2215"]
[BlackElo "2287"]
[PlyCount "0"]
[EventDate "2025.02.08"]
[EventRounds "9"]
[EventCountry "USA"]

1. c4 e6 2. Nc3 d5 3. cxd5 exd5 4. d4 c6 5. Nf3 Nf6 6. Bf4 Ne4 7. g3 Qb6 8. Qc1 Bb4
9. Bg2 O-O 10. O-O Re8 11. Nxe4 dxe4 12. Ng5 Bf5 13. Qc4 Bg6 14. f3 exf3 15. Nxf3
Nd7 16. Kh1 Be7 17. b3 Qb4 18. Rad1 Qxc4 19. bxc4 Bb4 20. d5 c5 21. Bh3 Nb6 22. d6
Bc2 23. d7 Red8 24. Rc1 Ba4 25. Bc7 Rxd7 26. Bxd7 Bxd7 27. Rfd1 Be6 28. Bxb6 axb6
29. a3 Ba5 30. Rd6 h6 31. Ne5 b5 32. cxb5 Bc7 33. Rxe6 fxe6 34. Nc4 Bd8 35. Rd1 Bf6
36. Rd7 Ra4 37. Nb6 Rxa3 38. Rxb7 Rb3 39. Nd7 c4 40. b6 c3 41. Rc7 Bd4 42. b7 Ba7
43. Ne5 c2 44. Rxc2 Rxb7 45. Rc8+ Kh7 46. Re8 Rb1+ 47. Kg2 Rg1+ 48. Kh3 Re1 49. Rxe6
Be3 50. Nc6 Rxe2 51. Nb4 Rb2 52. Nd3 Bd4 53. Nxb2 Bxb2 54. Kg4 g6 55. Re7+ Kg8 56.
Rb7 Bf6 57. Kf4 Kf8 58. Ke4 h5 59. Kd5 h4 60. g4 Bg5 61. h3 Bf6 62. Ke6 Bg5 63. Rb5
Be3 64. Kf6 1-0

[Event "2025 Washington State Championship - Championship"]
[Site "Lakeside Upper School, 14050 1st Avenue NE, Seattle, WA, USA"]
[Date "2025.02.08"]
[Round "2"]
[Board "4"]
[White "Whale, Nicholas"]
[Black "Wang, Ted"]
[Result "0-1"]
[WhiteElo "1955"]
[BlackElo "2234"]
[PlyCount "0"]
[EventDate "2025.02.08"]
[EventRounds "9"]
[EventCountry "USA"]

1. d4 Nf6 2. c4 g6 3. Nc3 Bg7 4. e4 d6 5. Nf3 O-O 6. Be2 Nbd7 7. Be3 e5 8. dxe5 dxe5
9. h3 c6 10. O-O Qe7 11. Qc2 Nh5 12. Rfd1 Nf4 13. Bf1 Ne6 14. a3 f5 15. b4 f4 16.
Bc1 a5 17. Bb2 h5 18. c5 Kh8 19. Bc4 Nd4 20. Nxd4 exd4 21. Ne2 Ne5 22. f3 Bxh3 23.
gxh3 Nxf3+ 24. Kf2 Ne5 25. Ng1 f3 26. Bxd4 Qh4+ 27. Kf1 f2 28. Bxe5 Bxe5 29. Ra2
axb4 30. axb4 Rxa2 31. Bxa2 Qg3 0-1

[Event "2025 Washington State Championship - Championship"]
[Site "Lakeside Upper School, 14050 1st Avenue NE, Seattle, WA, USA"]
[Date "2025.02.08"]
[Round "2"]
[Board "5"]
[White "Liu, Austin"]
[Black "Willy, Stephen"]
[Result "0-1"]
[WhiteElo "2139"]
[BlackElo "2193"]
[PlyCount "0"]
[EventDate "2025.02.08"]
[EventRounds "9"]
[EventCountry "USA"]

1. e4 d5 2. exd5 Qxd5 3. Nf3 Bg4 4. Be2 e6 5. h3 Bh5 6. d4 Nc6 7. c4 Bb4+ 8. Nc3
Bxc3+ 9. bxc3 Qa5 10. Bb2 Nf6 11. O-O O-O 12. Qb3 Rab8 13. Ba3 Rfe8 14. g4 Bg6 15.
Bb4 Qa6 16. Rae1 b6 17. Nh4 Ne7 18. Bxe7 Rxe7 19. Nxg6 hxg6 20. Bf3 Rd8 21. Bg2 c5
22. d5 e5 23. f4 e4 24. g5 Ne8 25. Rxe4 Rxe4 26. Bxe4 Nd6 27. Bd3 Qc8 28. Kg2 b5
29. Re1 bxc4 30. Bxc4 Qf5 31. Bf1 Qxf4 32. c4 Nf5 33. Qd3 Rb8 34. Re2 Kh7 35. Qe4
Nh4+ 36. Kg1 Qg3+ 37. Kh1 Rb1 38. Qxb1 Nf3 39. Rg2 0-1

[Event "2025 Washington State Championship - Championship"]
[Site "Lakeside Upper School, 14050 1st Avenue NE, Seattle, WA, USA"]
[Date "2025.02.09"]
[Round "3"]
[Board "1"]
[White "Willy, Stephen"]
[Black "He, Daniel"]
[Result "0-1"]
[WhiteElo "2193"]
[BlackElo "2193"]
[PlyCount "0"]
[EventDate "2025.02.08"]
[EventRounds "9"]
[EventCountry "USA"]

1. e4 c5 2. Nf3 Nc6 3. Bb5 Nf6 4. Nc3 Qc7 5. O-O Nd4 6. Re1 a6 7. Bf1 Ng4 8. e5 h5
9. Nxd4 cxd4 10. Nd5 Qc5 11. Nf4 Nxe5 12. b4 Qd6 13. c4 Nxc4 14. Bxc4 Qxf4 15. d3
Qf5 16. Qb3 e6 17. Bb2 Be7 18. Qd1 Bxb4 19. Re4 b5 20. Qb3 Be7 21. Rxd4 bxc4 22.
Rxc4 O-O 23. Rac1 Qd5  0-1

[Event "2025 Washington State Championship - Championship"]
[Site "Lakeside Upper School, 14050 1st Avenue NE, Seattle, WA, USA"]
[Date "2025.02.09"]
[Round "3"]
[Board "2"]
[White "Wang, Ted"]
[Black "Liu, Austin"]
[Result "1-0"]
[WhiteElo "2234"]
[BlackElo "2139"]
[PlyCount "0"]
[EventDate "2025.02.08"]
[EventRounds "9"]
[EventCountry "USA"]

1. e4 c5 2. Nf3 d6 3. d4 cxd4 4. Nxd4 Nf6 5. Nc3 g6 6. Be3 Nc6 7. f3 h5 8. Bc4 Bd7
9. Bb3 Bg7 10. Qd3 Ne5 11. Qe2 Rc8 12. h3 Rxc3 13. bxc3 Qa5 14. Bd2 Qc5 15. O-O a6
16. a4 O-O 17. Rad1 b5 18. Ba2 Nc4 19. Bxc4 bxc4 20. Be3 Qc7 21. Qd2 Rd8 22. Bh6
Qc5 23. Bxg7 Kxg7 24. Kh1 h4 25. Qf2 e5 26. Nf5+ gxf5 27. Qxh4 Kg6 28. f4 exf4 29.
Rxf4 Be6 30. exf5+ Bxf5 31. Rdf1 1-0

[Event "2025 Washington State Championship - Championship"]
[Site "Lakeside Upper School, 14050 1st Avenue NE, Seattle, WA, USA"]
[Date "2025.02.09"]
[Round "3"]
[Board "3"]
[White "Lee, Megan"]
[Black "Whale, Nicholas"]
[Result "1-0"]
[WhiteElo "2287"]
[BlackElo "1955"]
[PlyCount "61"]
[EventDate "2025.02.08"]
[EventRounds "9"]
[EventCountry "USA"]

1. e4 e5 2. Nf3 Nc6 3. Bc4 Bc5 4. c3 Nf6 5. d4 exd4 6. b4 Bb6 7. e5 d5 8. exf6 dxc4
9. Qe2+ Be6 10. b5 Nb8 11. fxg7 Rg8 12. cxd4 Rxg7 13. O-O Rg4 14. Bb2 Kf8 15. Qe5
c5 16. dxc5 Nd7 17. Qd6+ Kg8 18. cxb6 Qxb6 19. Qxb6 Nxb6 20. Nc3 Nd5 21. h3 Rg6 22.
Ne5 Rg5 23. Ne4 Rf5 24. Nxc4 Nc3 25. Bxc3 Bxc4 26. Nd6 Bxf1 27. Nxf5 Bxb5 28. Rb1
Bc4 29. Rxb7 Bxa2 30. Rb4 h5 31. Rh4  1-0

[Event "2025 Washington State Championship - Championship"]
[Site "Lakeside Upper School, 14050 1st Avenue NE, Seattle, WA, USA"]
[Date "2025.02.09"]
[Round "3"]
[Board "4"]
[White "Porter, Ryan W"]
[Black "Vemparala, Nikash"]
[Result "1-0"]
[WhiteElo "2177"]
[BlackElo "2215"]
[PlyCount "0"]
[EventDate "2025.02.08"]
[EventRounds "9"]
[EventCountry "USA"]

1. c4 e6 2. Nf3 d5 3. e3 Nf6 4. Nc3 dxc4 5. Bxc4 a6 6. d4 b5 7. Bb3 Bb7 8. O-O c5
9. e4 b4 10. e5 Nd5 11. Ne4 cxd4 12. Bg5 Qb6 13. Nxd4 h6 14. Bh4 Be7 15. Bxe7 Kxe7
16. Nd6 Nd7 17. Nxb7 Qxb7 18. Nf5+ Kf8 19. Nd6 Qc7 20. Bxd5 exd5 21. Qxd5 Nb6 22.
Qd4 Rd8 23. Rac1 Qa7 24. Qxb4 Kg8 25. Qb3 Rf8 26. Rc6 1-0

[Event "2025 Washington State Championship - Championship"]
[Site "Lakeside Upper School, 14050 1st Avenue NE, Seattle, WA, USA"]
[Date "2025.02.09"]
[Round "3"]
[Board "5"]
[White "Degenbaev, Aziz"]
[Black "Sang, Tian"]
[Result "1/2-1/2"]
[WhiteElo "2284"]
[BlackElo "2200"]
[PlyCount "0"]
[EventDate "2025.02.08"]
[EventRounds "9"]
[EventCountry "USA"]

1. e4 e5 2. Nf3 Nc6 3. Bb5 Nge7 4. Nc3 d6 5. d4 a6 6. Ba4 b5 7. Bb3 Nxd4 8. Nxd4
exd4 9. Qf3 Be6 10. Ne2 Bxb3 11. axb3 c5 12. Nf4 g6 13. h4 h6 14. Qg3 Qd7 15. c3
Bg7 16. Nh5 Be5 17. f4 gxh5 18. fxe5 Rg8 19. Qf2 dxe5 20. Bxh6 Qc6 21. Bg5 Qxe4+
22. Kd2 Nd5 23. Rae1 Ne3 24. Kc1 Rxg5 25. hxg5 O-O-O 26. Rxh5 Qd5 27. Qf6 Qxb3 28.
Qc6+ Kb8 29. Qb6+ Kc8 30. Qxa6+ Kb8 31. Qb6+ Kc8 32. Qxc5+ Kb7  1/2-1/2

[Event "2025 Washington State Championship - Championship"]
[Site "Lakeside Upper School, 14050 1st Avenue NE, Seattle, WA, USA"]
[Date "2025.02.09"]
[Round "4"]
[Board "1"]
[White "He, Daniel"]
[Black "Sang, Tian"]
[Result "0-1"]
[WhiteElo "2193"]
[BlackElo "2200"]
[PlyCount "0"]
[EventDate "2025.02.08"]
[EventRounds "9"]
[EventCountry "USA"]

1. e4 e5 2. Nf3 Nc6 3. Bb5 f5 4. d3 fxe4 5. dxe4 Nf6 6. O-O d6 7. Nc3 a6 8. Bc4 Na5
9. Be2 Be7 10. b4 Nc6 11. Bc4 Bg4 12. h3 Bxf3 13. Qxf3 Qd7 14. a3 Nd4 15. Qd3 b5
16. Ba2 c5 17. Ne2 c4 18. Qd1 Nxe2+ 19. Qxe2 Qc6 20. Re1 O-O 21. Bg5 h6 22. Bh4 Bd8
23. c3 Bb6 24. Rad1 Ra7 25. Rd2 Raf7 26. Bb1 g5 27. Bg3 h5 28. Red1 Rd7 29. Kh1 h4
30. Bh2 Bc7 31. Bc2 Rg7 32. Rf1 Qe8 33. a4 g4 34. Rdd1 gxh3 35. gxh3 Qc8 36. Rg1
Qxh3 37. Rxg7+ Kxg7 38. Rg1+ Kf7 39. Qe3 Qxe3 40. fxe3 Bb6 41. Re1 Rg8 42. a5 Ba7
43. Bg1 h3 44. Re2 Ng4 45. Bd1 Ke7 46. Re1 h2 47. Bxg4 hxg1=Q+ 48. Rxg1 Bxe3 49.
Rg3 Bf2 50. Rg2 Rh8+ 51. Rh2 Rxh2+ 52. Kxh2 Kd8  0-1

[Event "2025 Washington State Championship - Championship"]
[Site "Lakeside Upper School, 14050 1st Avenue NE, Seattle, WA, USA"]
[Date "2025.02.09"]
[Round "4"]
[Board "2"]
[White "Vemparala, Nikash"]
[Black "Degenbaev, Aziz"]
[Result "1/2-1/2"]
[WhiteElo "2215"]
[BlackElo "2284"]
[PlyCount "0"]
[EventDate "2025.02.08"]
[EventRounds "9"]
[EventCountry "USA"]

1. c4 Nf6 2. g3 g6 3. Bg2 Bg7 4. Nc3 d6 5. e4 c5 6. Nge2 Nc6 7. O-O O-O 8. d3 Rb8
9. h3 Ne8 10. Be3 Nc7 11. d4 b5 12. cxb5 Nxb5 13. dxc5 dxc5 14. Bxc5 Nxc3 15. bxc3
Ba6 16. Qxd8 Rfxd8 17. Rfe1 Rd2 18. Nd4 Nxd4 19. cxd4 Rbb2 20. d5 Rbc2 21. Be3 Bxa1
22. Bxd2 Bd4 23. Be3 Bxe3 24. fxe3 Rxa2 25. e5 Bb5 26. Rd1 Ra3 27. d6 exd6 28. exd6
Bd7 29. Kf2 Ra2+ 30. Kg1 Ra3 31. Kf2 Ra2+  1/2-1/2

[Event "2025 Washington State Championship - Championship"]
[Site "Lakeside Upper School, 14050 1st Avenue NE, Seattle, WA, USA"]
[Date "2025.02.09"]
[Round "4"]
[Board "3"]
[White "Whale, Nicholas"]
[Black "Porter, Ryan W"]
[Result "0-1"]
[WhiteElo "1955"]
[BlackElo "2177"]
[PlyCount "0"]
[EventDate "2025.02.08"]
[EventRounds "9"]
[EventCountry "USA"]

1. Nf3 d5 2. d4 Bf5 3. c4 e6 4. Nc3 Nf6 5. e3 Bb4 6. Qa4+ Nc6 7. Ne5 O-O 8. Nxc6
Bxc3+ 9. bxc3 bxc6 10. Ba3 Re8 11. Qxc6 Ne4 12. Be2 Rb8 13. Rc1 dxc4 14. Bf3 Ng5
15. Qxc4 Nxf3+ 16. gxf3 e5 17. e4 exd4 18. Rg1 d3 19. Qd4 Bg6 20. Qxd8 Rbxd8 21.
Kd2 f5 22. Rce1 fxe4 23. fxe4 Re5 24. Bb4 c5 25. Ba5 Rf8 26. Bc7 Rxe4 27. Rxe4 Bxe4
28. f4 Rf7 29. Bd6 Rb7 30. Re1 Rb2+ 31. Ke3 Bf5 32. Bxc5 Rxa2 33. Bd4 a5 34. h4 Rc2
35. Rg1 Re2+ 36. Kf3 Be4+ 37. Kg3 d2  0-1

[Event "2025 Washington State Championship - Championship"]
[Site "Lakeside Upper School, 14050 1st Avenue NE, Seattle, WA, USA"]
[Date "2025.02.09"]
[Round "4"]
[Board "4"]
[White "Liu, Austin"]
[Black "Lee, Megan"]
[Result "0-1"]
[WhiteElo "2139"]
[BlackElo "2287"]
[PlyCount "0"]
[EventDate "2025.02.08"]
[EventRounds "9"]
[EventCountry "USA"]

1. e4 c5 2. Nf3 d6 3. d4 cxd4 4. Nxd4 Nf6 5. Nc3 a6 6. h3 e5 7. Nde2 h5 8. g3 b5
9. Bg2 Nbd7 10. Nd5 Nxd5 11. exd5 f5 12. h4 Be7 13. f4 Bb7 14. fxe5 dxe5 15. O-O
Qb6+ 16. Kh1 g6 17. Ng1 Nf6 18. b3 Ng4 19. Qd2 Bf6 20. c4 bxc4 21. bxc4 e4 22. Ba3
Qe3 23. Qxe3 Nxe3 24. Rab1 Nxf1 25. Bxf1 O-O-O 26. Rb6 Bd4 27. Rxg6 Rhg8 28. Rxg8
Rxg8 29. Ne2 Be5 30. Bh3 Kc7 31. Bxf5 e3 32. Be6 Rxg3 33. Bb2 Bxb2 34. Nxg3 Bf6 35.
Kg2 Bxh4 36. Ne2 Kd6 37. Kf3 Bg5 38. Ng3 Ke5 39. Nf5 Ba8 40. Nxe3 Kd4 41. Nf5+ Kxc4
42. Ke4 Kc5 43. Nd4 h4 44. Nc6 Bd2 45. Bc8 a5 46. a4 Be1 47. Ke5 Bg3+ 48. Ke4 Bc7
49. Ne7 Kb4 50. Bd7 Bb7 51. Nc6+ Kc5 52. Ne7 Ba6 53. Ng6 Bg3 54. Kf3 Kd6 55. Be6
Bd3 56. Bf7 Bf5 57. Kg2 Bd7 58. Bg8 Bxa4 59. Be6 Be8 60. Nf8 a4 61. Bf5 Bf7 62. Ne6
a3 63. Bb1 Kxd5 64. Nf4+ Kc5 65. Nd3+ Kd4 66. Nb4 Kc3 67. Nc2 a2 68. Bxa2 Bxa2 69.
Ne3 Be6 70. Kf3 Bd6 71. Ng4 h3 72. Nf2 Bd5+ 73. Kg4 h2 74. Kh3 Kd2 75. Kg4 Ke2  0-1

[Event "2025 Washington State Championship - Championship"]
[Site "Lakeside Upper School, 14050 1st Avenue NE, Seattle, WA, USA"]
[Date "2025.02.09"]
[Round "4"]
[Board "5"]
[White "Willy, Stephen"]
[Black "Wang, Ted"]
[Result "1/2-1/2"]
[WhiteElo "2193"]
[BlackElo "2234"]
[PlyCount "0"]
[EventDate "2025.02.08"]
[EventRounds "9"]
[EventCountry "USA"]

1. e4 c5 2. Nf3 Nc6 3. Nc3 g6 4. d4 cxd4 5. Nxd4 Bg7 6. Be3 Nf6 7. f3 O-O 8. Nb3
d6 9. Be2 Bd7 10. Qd2 Rc8 11. g4 Ne5 12. h4 Rxc3 13. bxc3 Nexg4 14. fxg4 Nxe4 15.
Qd3 Bxc3+ 16. Nd2 Bxa1 17. Nxe4 Qa5+ 18. Bd2 Qe5 19. O-O Bd4+ 20. Kg2 Bb5 21. c4
Bc6 22. Bf3 d5 23. cxd5 Bxd5 24. Bf4 Qxf4 25. Qxd4 Bc6 26. g5 e5 27. Qd2 Qxd2+ 28.
Nxd2 Rd8 29. Rf2 Bxf3+ 30. Nxf3 Rd5 31. Rd2 Ra5 32. Rd7 e4 33. Nd2 Rxa2 34. Kg3 Ra3+
35. Kf4 Rd3 36. Nxe4 Rxd7 37. Nf6+  1/2-1/2

[Event "2025 Washington State Championship - Championship"]
[Site "Lakeside Upper School, 14050 1st Avenue NE, Seattle, WA, USA"]
[Date "2025.02.15"]
[Round "5"]
[Board "1"]
[White "Wang, Ted"]
[Black "He, Daniel"]
[Result "1/2-1/2"]
[WhiteElo "2234"]
[BlackElo "2193"]
[PlyCount "0"]
[EventDate "2025.02.08"]
[EventRounds "9"]
[EventCountry "USA"]

1. e4 c5 2. Nf3 e6 3. d4 cxd4 4. Nxd4 Nf6 5. Nc3 Nc6 6. Ndb5 Bc5 7. Nd6+ Ke7 8. Bf4
e5 9. Nf5+ Kf8 10. Bg5 d6 11. Bc4 Bxf5 12. exf5 Bd4 13. O-O Bxc3 14. bxc3 h6 15.
Bh4 Ne7 16. Qf3 Rc8 17. Bb3 Qd7 18. Rad1 b5 19. Bxf6 gxf6 20. Qh5 Nxf5 21. Qh3 Rc5
22. Bd5 Rc7 23. f4 Ne7 24. Qf3 Qf5 25. Be4 Qe6 26. fxe5 Qxe5 27. Bd3 Qxc3 28. Rde1
Kg7 29. Qg3+ Ng6 30. Re6 Rhc8 31. Rexf6 Qxf6 32. Rxf6 Kxf6 33. Qxd6+ Kg7 34. h4 Rc5
35. Qd4+ Ne5 36. Kh2 Kg8 37. Bf5 R8c7 38. Qf4 Kg7 39. h5 R7c6 40. Qg3+ Kf8 41. Be4
Rc7 42. Qf4 Kg7 43. c3 a5 44. g4 Nd7 45. Bf5 f6 46. Bd3 Ne5 47. Qe4 Kg8 48. Qa8+
Rc8 49. Qe4 R8c7 50. Qa8+ 1/2-1/2

[Event "2025 Washington State Championship - Championship"]
[Site "Lakeside Upper School, 14050 1st Avenue NE, Seattle, WA, USA"]
[Date "2025.02.15"]
[Round "5"]
[Board "2"]
[White "Lee, Megan"]
[Black "Willy, Stephen"]
[Result "0-1"]
[WhiteElo "2287"]
[BlackElo "2193"]
[PlyCount "62"]
[EventDate "2025.02.08"]
[EventRounds "9"]
[EventCountry "USA"]

1. e4 e5 2. Nf3 Nc6 3. Bb5 a6 4. Ba4 g6 5. d4 b5 6. Bb3 exd4 7. Bg5 Be7 8. Bxe7 Ngxe7
9. a4 Bb7 10. Nxd4 O-O 11. axb5 Nxd4 12. Qxd4 axb5 13. Rxa8 Bxa8 14. Nc3 Nc6 15.
Qd2 Ne5 16. O-O d6 17. f4 Nd7 18. f5 b4 19. Nd5 Bxd5 20. Bxd5 c6 21. Bb3 Qe7 22.
fxg6 hxg6 23. Rd1 Qxe4 24. Qxd6 Ne5 25. Qf6 c5 26. Bd5 Qxc2 27. Re1 Nd7 28. Qd6 Qf5
29. Be4 Qg4 30. Bc6 Nb8 31. Bd5 Qd4+ 32. Kh1 Kg7 33. b3 Na6 34. Rc1 Re8 35. Qd7 Qf4
36. Ra1 Nc7 37. Bc4 Qf2 38. h3 Re1+ 39. Rxe1 Qxe1+ 40. Kh2 Qe5+ 41. Kh1 Ne6 42. Qe7
Qc7 43. Qe8 Qd8 44. Qc6 Qd4 45. Qe8 Ng5 46. Qe7 Ne6 47. Qe8 Qf6 48. Qc6 Kh6 49. Qe8
Kg5 50. Qc6 Qf5 51. Qd6 Nf4 52. Qe7+ f6 53. Qe3 Qe5 54. Qd2 Qd4 55. Qe1 Qc3 56. Qf2
Qd4 57. Qe1 Nh5 58. Bf7 Qe5 59. Qc1+ Kh4 60. Qc4+ Qf4 61. Qe6 Ng3+ 62. Kh2 Ne2+ 0-1

[Event "2025 Washington State Championship - Championship"]
[Site "Lakeside Upper School, 14050 1st Avenue NE, Seattle, WA, USA"]
[Date "2025.02.15"]
[Round "5"]
[Board "3"]
[White "Porter, Ryan W"]
[Black "Liu, Austin"]
[Result "1-0"]
[WhiteElo "2177"]
[BlackElo "2139"]
[PlyCount "0"]
[EventDate "2025.02.08"]
[EventRounds "9"]
[EventCountry "USA"]

1. c4 g6 2. Nf3 Bg7 3. d4 c5 4. e4 cxd4 5. Nxd4 Nc6 6. Be3 Qb6 7. Nb3 Qd8 8. Qd2
Nf6 9. f3 d6 10. Nc3 O-O 11. Be2 a5 12. Na4 Nd7 13. h4 h5 14. O-O-O Nb4 15. Kb1 b6
16. Bh6 Bb7 17. Bxg7 Kxg7 18. Nd4 Kh7 19. Qe3 Nc6 20. g4 Nxd4 21. Rxd4 Bc6 22. Nc3
Nf6 23. gxh5 Nxh5 24. Rdd1 e5 25. Qd2 Rc8 26. Qxd6 Qxd6 27. Rxd6 Nf4 28. Bd1 Rfd8
29. Rxd8 Rxd8 30. Nd5 Bxd5 31. cxd5 Nd3 32. Be2 Nc5 33. Kc2 Nb7 34. Kd2 Nd6 35. Rc1
Rc8 36. Rc6 Rxc6 37. dxc6 Kg7 1-0

[Event "2025 Washington State Championship - Championship"]
[Site "Lakeside Upper School, 14050 1st Avenue NE, Seattle, WA, USA"]
[Date "2025.02.15"]
[Round "5"]
[Board "4"]
[White "Degenbaev, Aziz"]
[Black "Whale, Nicholas"]
[Result "1-0"]
[WhiteElo "2284"]
[BlackElo "1955"]
[PlyCount "62"]
[EventDate "2025.02.08"]
[EventRounds "9"]
[EventCountry "USA"]

1. e4 e5 2. Nf3 Nc6 3. Bc4 Bc5 4. b4 Bxb4 5. c3 Be7 6. d4 Na5 7. Bd3 d6 8. dxe5 dxe5
9. Nxe5 Nf6 10. O-O O-O 11. Qc2 Ng4 12. Nxg4 Bxg4 13. Be3 Qd7 14. e5 g6 15. h3 Bf5
16. Bxf5 Qxf5 17. Qxf5 gxf5 18. Nd2 f6 19. Bf4 fxe5 20. Bxe5 c5 21. Rfe1 Bf6 22.
Bxf6 Rxf6 23. Nf3 Rd8 24. Ng5 h6 25. Ne6 Rd3 26. Nf4 Rdd6 27. Re5 b6 28. Nd5 Rf7
29. Ne7+ Kh7 30. Nxf5 Rd3 31. Re3 Rxe3 32. Nxe3 Rd7 33. Rd1 Rxd1+ 34. Nxd1 b5 35.
Kf1 Kg6 36. Ke2 Nc6 37. f4 a5 38. Ne3 a4 39. Kd3 Kf6 40. g4 Na5 41. Ke4 Ke6 42. Nd5
Kd6 43. g5 hxg5 44. fxg5 Nc6 45. g6 Ke6 46. Nc7+ Kf6 47. Nxb5 Ne7 48. Nd6 Kxg6 49.
Nb7 a3 50. Nxc5 Kg5 51. Nd3 Kh4 52. Nf4 Kg3 53. c4 Nc6 54. Nd3 Kxh3 55. Kd5 Ne7+
56. Ke6 Nc8 57. c5 Kg3 58. Nb4 Kf4 59. Kd7 Na7 60. c6 Ke3 61. c7 Kd2 62. Nc6 1-0

[Event "2025 Washington State Championship - Championship"]
[Site "Lakeside Upper School, 14050 1st Avenue NE, Seattle, WA, USA"]
[Date "2025.02.15"]
[Round "5"]
[Board "5"]
[White "Sang, Tian"]
[Black "Vemparala, Nikash"]
[Result "1/2-1/2"]
[WhiteElo "2200"]
[BlackElo "2215"]
[PlyCount "0"]
[EventDate "2025.02.08"]
[EventRounds "9"]
[EventCountry "USA"]

1. f4 d5 2. Nf3 g6 3. g3 Bg7 4. Bg2 e6 5. O-O Ne7 6. d3 O-O 7. c3 c5 8. e4 Nbc6 9.
Na3 Rb8 10. e5 d4 11. Nc2 b6 12. cxd4 cxd4 13. b4 b5 14. Bb2 Nf5 15. Qe1 Qb6 16.
g4 Ne3 17. Nxe3 dxe3 18. d4 Bb7 19. a3 a5 20. f5 exf5 21. gxf5 gxf5 22. d5 Ne7 23.
d6 Nd5 24. Bd4 Qd8 25. Bxe3 Nxe3 26. Qxe3 Re8 27. Rae1 Bxf3 28. Qxf3 Rxe5 29. Rxe5
Bxe5 30. Qxf5 Qxd6 31. Qxf7+ Kh8 32. Qh5 axb4 33. axb4 Rg8 34. Kh1 Qd4 35. Re1 Bf4
36. Bd5 Qf2 37. Rd1 Rd8 38. Bg2 Rxd1+ 39. Qxd1 Bd2 40. Qa1+ Kg8 41. Bd5+ Kf8 42.
Qh8+ Ke7 43. Qe5+ Kf8 44. Qh8+ Ke7 45. Qe5+ Kf8  1/2-1/2